00422nam a2200145Ia 4500100002900000942000700029654001300036245004600049260002400095082002100119300000800140546001200148999001700160952009900177 aPooley/ Rob/ Stevens/ P  cBK acomputer aUsing UML: Software Eng with Oly & Comp bAddison Weslyc1999 a005.133'UMLbPOO a256 aENGLISH c18909d18909 001040708CRCaCRCEbCRCEd2023-03-17l0o005.133'UML POOp11326r2023-03-17w2023-03-17yBK